<?xml version="1.0" encoding="UTF-8"?>
<record
    xmlns:xsi="http://www.w3.org/2001/XMLSchema-instance"
    xsi:schemaLocation="http://www.loc.gov/MARC21/slim http://www.loc.gov/standards/marcxml/schema/MARC21slim.xsd"
    xmlns="http://www.loc.gov/MARC21/slim">

  <leader>01220cam a22002654a 4500</leader>
  <controlfield tag="005">20171005020002.0</controlfield>
  <controlfield tag="008">010605s1999    pn ab    b    000 0 spa  </controlfield>
  <datafield tag="020" ind1=" " ind2=" ">
    <subfield code="a">9962614007</subfield>
  </datafield>
  <datafield tag="040" ind1=" " ind2=" ">
    <subfield code="a">DLC</subfield>
    <subfield code="c">DLC</subfield>
    <subfield code="d">CO-BoIAVH</subfield>
  </datafield>
  <datafield tag="041" ind1="0" ind2=" ">
    <subfield code="a">spa</subfield>
  </datafield>
  <datafield tag="044" ind1=" " ind2=" ">
    <subfield code="a">ck</subfield>
  </datafield>
  <datafield tag="082" ind1="0" ind2="4">
    <subfield code="a">333.7</subfield>
    <subfield code="b">C96c1</subfield>
  </datafield>
  <datafield tag="245" ind1="0" ind2="3">
    <subfield code="a">La cuenca del Canal :</subfield>
    <subfield code="b">deforestaci&#xF3;n, contaminaci&#xF3;n y urbanizaci&#xF3;n / </subfield>
    <subfield code="c">editores, Stanley Heckadon-Moreno, Roberto Ib&#xE1;&#xF1;ez D. y Richard Condit.</subfield>
  </datafield>
  <datafield tag="260" ind1=" " ind2=" ">
    <subfield code="a">Balboa, Anc&#xF3;n, Rep&#xFA;blica de Panam&#xE1; :</subfield>
    <subfield code="b">Instituto Smithsonian de Investigaciones Tropicales,</subfield>
    <subfield code="c">1999.</subfield>
  </datafield>
  <datafield tag="300" ind1=" " ind2=" ">
    <subfield code="a">120 p&#xE1;ginas :</subfield>
    <subfield code="b">ilustraciones a color, mapas a color ;</subfield>
    <subfield code="c">26 x 23 cent&#xED;metros</subfield>
  </datafield>
  <datafield tag="500" ind1=" " ind2=" ">
    <subfield code="a">Proyecto de Monitoreo de la Cuenca del Canal de Panama (PMCC) : sumario ejecutivo del informe final</subfield>
  </datafield>
  <datafield tag="504" ind1=" " ind2=" ">
    <subfield code="a">Incluye referencias bibliogr&#xE1;ficas: p&#xE1;ginas 114-119.</subfield>
  </datafield>
  <datafield tag="650" ind1="1" ind2="6">
    <subfield code="a">Control ambiental</subfield>
    <subfield code="z">Panam&#xE1;</subfield>
    <subfield code="z">Zona del Canal.</subfield>
  </datafield>
  <datafield tag="650" ind1="2" ind2="6">
    <subfield code="a">Recursos naturales</subfield>
    <subfield code="z">Panam&#xE1;</subfield>
    <subfield code="z">Zona del Canal.</subfield>
  </datafield>
  <datafield tag="651" ind1="1" ind2="6">
    <subfield code="a">Zona del Canal</subfield>
    <subfield code="x">Condiciones ambientales</subfield>
  </datafield>
  <datafield tag="700" ind1="1" ind2=" ">
    <subfield code="a">Heckadon Moreno, Stanley.</subfield>
    <subfield code="e">editor</subfield>
  </datafield>
  <datafield tag="700" ind1="1" ind2=" ">
    <subfield code="a">Iba&#xF1;ez D., Roberto.</subfield>
    <subfield code="e">editor</subfield>
  </datafield>
  <datafield tag="700" ind1="1" ind2=" ">
    <subfield code="a">Condit, Richard,</subfield>
    <subfield code="d">1956-</subfield>
    <subfield code="e">editor</subfield>
  </datafield>
  <datafield tag="942" ind1=" " ind2=" ">
    <subfield code="2">ddc</subfield>
    <subfield code="c">LIBRO</subfield>
    <subfield code="0">1</subfield>
  </datafield>
  <datafield tag="999" ind1=" " ind2=" ">
    <subfield code="c">18511</subfield>
    <subfield code="d">18511</subfield>
  </datafield>
  <datafield tag="952" ind1=" " ind2=" ">
    <subfield code="0">0</subfield>
    <subfield code="1">0</subfield>
    <subfield code="2">ddc</subfield>
    <subfield code="4">0</subfield>
    <subfield code="7">0</subfield>
    <subfield code="8">GENERAL</subfield>
    <subfield code="I">INV2017</subfield>
    <subfield code="a">Bogota</subfield>
    <subfield code="b">Bogota</subfield>
    <subfield code="d">2016-05-06</subfield>
    <subfield code="g">39000.00</subfield>
    <subfield code="l">1</subfield>
    <subfield code="o">LB-333.7 C96c1</subfield>
    <subfield code="p">040176</subfield>
    <subfield code="r">2017-10-04 00:00:00</subfield>
    <subfield code="s">2017-10-04</subfield>
    <subfield code="t">Ej. 1</subfield>
    <subfield code="w">2016-05-06</subfield>
    <subfield code="x">Donacion</subfield>
    <subfield code="y">LIBRO</subfield>
  </datafield>
</record>
